Dancing with the Stars Contestants Quiz Stats

 Plays Quiz Updated May 24, 2018

Score 0/299 Timer 16:00
6 Plays Today
Season Contestant % Correct
15Emmitt Smith
77.7%
15Shawn Johnson
76.7%
23Calvin Johnson, Jr.
74.7%
3Emmitt Smith
74.3%
25Nick Lachey
71.4%
25Vanessa Lachey
71%
17Keyshawn Johnson
70.8%
19Betsey Johnson
70.8%
8Shawn Johnson
70.1%
15Drew Lachey
69.5%
10Chad Ochocinco
68.8%
15Kelly Monaco
68.4%
15Apolo Anton Ohno
66.2%
21Nick Carter
65.7%
21Bindi Irwin
64.3%
13Rob Kardashian
64%
2Drew Lachey
63.9%
9Donny Osmond
63.4%
4Apolo Anton Ohno
62.9%
19Lolo Jones
62.8%
18Meryl Davis
62.5%
5Marie Osmond
62.4%
18Charlie White
62.4%
15Joey Fatone
62.3%
24David Ross
62.1%
23Laurie Hernandez
61.2%
15Pamela Anderson
60.8%
15Melissa Rycroft
60.5%
25Jordan Fisher
60.4%
15Kirstie Alley
60.2%
17Jack Osbourne
59.9%
15Hélio Castroneves
59.7%
17Amber Riley
59.4%
22Antonio Brown
59.4%
16Jacoby Jones
59.4%
10Pamela Anderson
59.3%
18Billy Dee Williams
59.2%
2Jerry Rice
59%
20Rumer Willis
58.9%
1Kelly Monaco
58.8%
14Jaleel White
58.7%
15Bristol Palin
58.7%
24Simone Biles
58.6%
15Sabrina Bryan
58.2%
24Bonner Bolton
58%
14Donald Driver
57.7%
25Derek Fisher
57.5%
6Kristi Yamaguchi
57.3%
13J.R. Martinez
57.2%
7Brooke Burke
57.1%
22Von Miller
56.2%
21Tamar Braxton
55.8%
19Alfonso Ribeiro
55.6%
24Rashad Jennings
55.6%
16Zendaya Coleman
55.2%
16Kellie Pickler
55.2%
15Gilles Marini
55.1%
25Frankie Muniz
54.9%
18Candace Cameron Bure
54.8%
5Mel B
54.8%
4Joey Fatone
53.9%
24Heather Morris
53.9%
19Sadie Robertson
53.8%
3Mario Lopez
53.3%
22Wanyá Morris
53.3%
21Hayes Grier
53.3%
21Carlos PenaVega
53.3%
21Alexa PenaVega
53.3%
22Nyle DiMarco
53.1%
17Corbin Bleu
53%
22Jodie Sweetin
52.9%
20Riker Lynch
52.4%
25Nikki Bella
52.3%
10Kate Gosselin
52.2%
25Barbara Corcoran
52.1%
18Amy Purdy
52.1%
10Erin Andrews
52.1%
24Charo
52.1%
22Ginger Zee
51.9%
9Kelly Osbourne
51.4%
10Buzz Aldrin
51.1%
22Paige VanZant
51.1%
13Chaz Bono
51.1%
25Drew Scott
51%
13Ricki Lake
50.8%
23James Hinchcliffe
50.8%
5Helio Castroneves
50.8%
7Kim Kardashian
50.8%
17Bill Nye
50.6%
7Cloris Leachman
50%
25Lindsey Stirling
49.9%
20Nastia Liukin
49.8%
23Rick Perry
49.8%
14Gladys Knight
49.7%
21Paula Deen
49.6%
24Nancy Kerrigan
49.6%
2Master P
49.5%
13Nancy Grace
49.5%
25Debbie Gibson
49.3%
25Terrell Owens
49.3%
Season Contestant % Correct
10Nicole Scherzinger
49.1%
13Hope Solo
49%
23Jana Kramer
48.9%
24Mr. T
48.8%
14Katherine Jenkins
48.8%
7Lance Bass
48.8%
6Jason Taylor
48.6%
25Victoria Arlen
48.5%
23Maureen McCormick
48.4%
20Patti LaBelle
48.3%
8Melissa Rycroft
48.2%
21Chaka Khan
48.2%
23Vanilla Ice
48.1%
23Amber Rose
48%
17Nicole Polizzi
48%
20Noah Galloway
47.9%
22Kim Fields
47.8%
22Mischa Barton
47.7%
23Terra Jolé
47.6%
24Normani Kordei
47.5%
21Andy Grammer
47.4%
23Ryan Lochte
47.3%
22Geraldo Rivera
47.2%
23Marilu Henner
47.2%
19Bethany Mota
47.2%
1John O'Hurley
47.2%
8Lawrence Taylor
47%
17Bill Engvall
47%
23Jake T. Austin
46.9%
16Dorothy Hamill
46.8%
14Melissa Gilbert
46.7%
20Chris Soules
46.6%
19Tommy Chong
46.6%
3Jerry Springer
46.4%
19Lea Thompson
46.4%
19Janel Parrish
46.1%
18Cody Simpson
46.1%
16Aly Raisman
46%
17Leah Remini
45.9%
9Aaron Carter
45.9%
21Gary Busey
45.9%
24Chris Kattan
45.9%
18NeNe Leakes
45.8%
17Valerie Harper
45.7%
24Nick Viall
45.7%
18Drew Carey
45.7%
14Martina Navratilova
45.7%
23Kenny 'Babyface' Edmonds
45.7%
18James Maslow
45.6%
5Sabrina Bryan
45.5%
20Redfoo
45.5%
20Robert Herjavec
45.5%
14Maria Menounos
45.5%
18Danica McKellar
45.5%
20Willow Shields
45.4%
22Doug Flutie
45.4%
22Marla Maples
45.2%
8Lil' Kim
45%
2George Hamilton
44.9%
25Sasha Pieterse
44.8%
17Elizabeth Berkley Lauren
44.8%
16Sean Lowe
44.8%
21Alek Skarlatos
44.8%
5Jennie Garth
44.6%
20Charlotte McKinney
44.5%
19Antonio Sabàto, Jr.
44.4%
24Erika Jayne
44.4%
8Gilles Marini
44.4%
14William Levy
44.3%
10Shannen Doherty
44.2%
9Ashley Hamilton
44.1%
14Sherri Shepherd
44%
2Stacy Keibler
43.9%
20Suzanne Somers
43.8%
4Laila Ali
43.8%
10Evan Lysacek
43.8%
3Joey Lawrence
43.7%
9Mya
43.7%
7Warren Sapp
43.7%
13Carson Kressley
43.6%
16Andy Dick
43.5%
20Michael Sam
43.2%
2Kenny Mayne
43%
18Diana Nyad
42.6%
6Mario
42.5%
14Gavin DeGraw
42.4%
13David Arquette
42.4%
16Wynonna Judd
42.3%
4Billy Ray Cyrus
42.2%
13Chynna Phillips
42.2%
2Lisa Rinna
42.1%
1Joey McIntyre
41.5%
13Ron Artest
41.5%
1Evander Holyfield
41.4%
3Sara Evans
41.4%
16Lisa Vanderpump
41.3%
21Victor Espinoza
41.2%
14Jack Wagner
41.1%
10Niecy Nash
41%
13Kristin Cavallari
40.9%
Season Contestant % Correct
21Kim Zolciak Biermann
40.9%
7Susan Lucci
40.8%
19Michael Waltrip
40.8%
14Roshon Fegan
40.7%
18Sean Avery
40.6%
17Brant Daugherty
40.6%
11Jennifer Grey
40.4%
10Jake Pavelka
40.3%
9Macy Gray
40%
1Rachel Hunter
39.9%
3Monique Coleman
39.9%
4Ian Ziering
39.8%
16Victor Ortiz
39.7%
19Jonathan Bennett
39.7%
9Melissa Joan Hart
39.1%
13Elisabetta Canalis
39%
3Vivica A. Fox
39%
9Tom DeLay
38.9%
5Jane Seymour
38.9%
3Harry Hamlin
38.8%
8Steve-O
38.8%
8Ty Murray
38.7%
4Heather Mills
38.6%
6Shannon Elizabeth
38.5%
17Christina Milian
38%
1Trista Rehn-Sutter
38%
8Holly Madison
37.7%
16D.L. Hughley
37.6%
11Bristol Palin
37.5%
12Kirstie Alley
37.5%
19Randy Couture
37.4%
5Cameron Mathison
37.4%
7Misty May-Treanor
37.3%
8Steve Wozniak
37.3%
7Jeffrey Ross
37.2%
12Hines Ward
36.7%
19Tavis Smiley
36.6%
16Ingo Rademacher
36.5%
7Cody Linley
36.5%
10Aiden Turner
36.4%
5Mark Cuban
36.2%
2Tatum O'Neal
36.1%
8Chuck Wicks
36.1%
6Marlee Matlin
36.1%
5Wayne Newton
36%
3Willa Ford
35.9%
7Toni Braxton
35.8%
5Floyd Mayweather
35.8%
4John Ratzenberger
35.6%
9Joanna Krupa
35.6%
3Tucker Carlson
35.6%
6Priscilla Presley
35.5%
12Wendy Williams
35.5%
8Denise Richards
35.3%
6Penn Jillette
35%
4Paulina Porizkova
34.9%
6Adam Carolla
34.8%
6Monica Seles
34.8%
11Florence Henderson
34.8%
2Tia Carrere
34.5%
9Kathy Ireland
34.4%
2Giselle Fernandez
34.1%
7Maurice Greene
34.1%
6Cristian De La Fuente
34.1%
4Leeza Gibbons
33.7%
9Michael Irvin
33.5%
4Clyde Drexler
33.5%
5Josie Maran
33.3%
8Belinda Carlisle
33.3%
5Albert Reed
33%
6Marissa Jaret Winokur
33%
11Kyle Massey
32.7%
9Louie Vito
32.7%
11Rick Fox
32.6%
6Steve Guttenberg
32.5%
8David Alan Grier
32.3%
11Michael Bolton
31.6%
3Shanna Moakler
31.5%
9Natalie Coughlin
31.5%
9Chuck Liddell
31.5%
12Chelsea Kane
30.9%
4Shandi Finnessey
30.8%
11Margaret Cho
30.8%
11David Hasselhoff
30.8%
12Romeo
30.7%
9Debi Mazar
30.3%
7Ted McGinley
29.7%
7Rocco DiSpirito
29.7%
11Kurt Warner
29.2%
12Sugar Ray Leonard
28.5%
12Ralph Macchio
28.5%
11Mike 'The Situation' Sorrentino
28.3%
9Mark Dacascos
28.2%
12Chris Jericho
28%
11Brandy Norwood
27.8%
12Kendra Wilkinson
27.4%
11Audrina Patridge
27%
12Mike Catherwood
25.9%
12Petra Němcová
22.3%

You're not logged in!

Compare scores with friends on all Sporcle quizzes.
OR
Log In

Sporcle TV

Today on Sporcle TV


Watch our educational content, quiz creation guides, and fun videos on Sporcle TV.

Show Comments

Extras

Top Quizzes Today


Score Distribution

Your Account Isn't Verified!

In order to create a playlist on Sporcle, you need to verify the email address you used during registration. Go to your Sporcle Settings to finish the process.

Report this User

Report this user for behavior that violates our Community Guidelines.

Details: